विश्व प्रसिद्ध भारतीय खिलाड़ी / (Record no. 120800)
[ view plain ]
| 000 -LEADER | |
|---|---|
| fixed length control field | 01137nam a22002777a 4500 |
| 003 - CONTROL NUMBER IDENTIFIER | |
| control field | dpl |
| 005 - DATE AND TIME OF LATEST TRANSACTION | |
| control field | 20190301131042.0 |
| 008 - FIXED-LENGTH DATA ELEMENTS--GENERAL INFORMATION | |
| fixed length control field | 190301b ||||| |||| 00| 0 eng d |
| 010 ## - LIBRARY OF CONGRESS CONTROL NUMBER | |
| LC control number | B-073131 |
| 020 ## - INTERNATIONAL STANDARD BOOK NUMBER | |
| Terms of availability | 495.00 |
| 035 ## - SYSTEM CONTROL NUMBER | |
| System control number | B-073131, B-073139 |
| 037 ## - SOURCE OF ACQUISITION | |
| Source of stock number/acquisition | Cen Lib/Ret |
| 040 ## - CATALOGING SOURCE | |
| Original cataloging agency | DPL |
| Language of cataloging | HN |
| Transcribing agency | 0 |
| 082 ## - DEWEY DECIMAL CLASSIFICATION NUMBER | |
| Classification number | 796.092 |
| Item number | अखिले |
| 100 ## - MAIN ENTRY--PERSONAL NAME | |
| Personal name | अखिलेश |
| 9 (RLIN) | 500 |
| 245 ## - TITLE STATEMENT | |
| Title | विश्व प्रसिद्ध भारतीय खिलाड़ी / |
| Statement of responsibility, etc | अखिलेश |
| 246 ## - VARYING FORM OF TITLE | |
| Title proper/short title | Vishv prasidh bharteey khiladi / |
| Remainder of title | by Akhilesh |
| 260 ## - PUBLICATION, DISTRIBUTION, ETC. (IMPRINT) | |
| Place of publication, distribution, etc | दिल्ली |
| Name of publisher, distributor, etc | अभिमन्यु प्रकाशन |
| Date of publication, distribution, etc | 2001 |
| 270 ## - ADDRESS | |
| City | दिल्ली |
| Address | सी-19, सी.सी.कॉलोनी |
| Postal code | 100007 |
| 300 ## - PHYSICAL DESCRIPTION | |
| Extent | 444पृ. |
| Dimensions | 20सेमी(सजिल्द) |
| 650 ## - SUBJECT ADDED ENTRY--TOPICAL TERM | |
| Topical term or geographic name as entry element | भारत -- प्रसिद्ध खिलाड़ी |
| 9 (RLIN) | 4881 |
| 650 ## - SUBJECT ADDED ENTRY--TOPICAL TERM | |
| Topical term or geographic name as entry element | भारत -- खिलाड़ी -- जीवनी |
| 9 (RLIN) | 2817 |
| 650 ## - SUBJECT ADDED ENTRY--TOPICAL TERM | |
| Topical term or geographic name as entry element | India - Famous Players |
| 9 (RLIN) | 92674 |
| 650 ## - SUBJECT ADDED ENTRY--TOPICAL TERM | |
| Topical term or geographic name as entry element | India - player - biography |
| 9 (RLIN) | 92675 |
| 942 ## - ADDED ENTRY ELEMENTS (KOHA) | |
| Source of classification or shelving scheme | Dewey Decimal Classification |
| Koha item type | Hindi Books |
| Classification part | 796.092 |
| Call number suffix | अखिले |
| Withdrawn status | Lost status | Damaged status | Not for loan | Home library | Current library | Date acquired | Source of acquisition | Cost, normal purchase price | Total Checkouts | Full call number | Barcode | Date last seen | Copy number | Cost, replacement price | Price effective from | Koha item type | Source of classification or shelving scheme | Collection code |
|---|---|---|---|---|---|---|---|---|---|---|---|---|---|---|---|---|---|---|
| Central Library | Central Library | 28/09/2015 | Cen Lib/Ret | 495.00 | 796.092 अखिले | B-073131 | 28/09/2015 | 1 | 495.00 | 28/09/2015 | Hindi Books | |||||||
| Shahdara Branch | Shahdara Branch | 01/03/2019 | BPPD/PUB | 495.00 | 796.092 अखिले | B-073139 | 01/03/2019 | 495.00 | 01/03/2019 | Hindi Books | Dewey Decimal Classification | Non-fiction |
